[Event "Salou op U2300 3rd"]
[Site "Salou"]
[Date "2018.04.30"]
[Round "5"]
[White "Pedra Marquina, Joan"]
[Black "Zhukov, Anton1111"]
[Result "0-1"]
[WhiteElo "1288"]
[BlackElo "1765"]
[PlyCount "108"]
[EventDate "2018.04.28"]
[EventType "swiss"]
[EventRounds "7"]
[EventCountry "ESP"]
[SourceTitle "CBM 184 Extra"]
[Source "ChessBase"]
[SourceDate "2018.06.28"]
[SourceVersion "1"]
[SourceVersionDate "2018.06.28"]
[SourceQuality "1"]

1. d4 d5 2. c4 e6 3. Nc3 Nf6 4. cxd5 Nxd5 5. e4 Nxc3 6. bxc3 Be7 7. Nf3 b6 8. Bd3 c5 9. 0-0 Bb7 10. Be3 Nd7 11. Rc1 Rc8 12. Re1 c4 13. Bc2 Nf6 14. Ba4+ Kf8 15. Nd2 Nxe4 16. Nxe4 Bxe4 17. Bc2 Bg6 18. Qe2 Qd5 19. f3 Bd6 20. Bf2 Qg5 21. Rcd1 Qa5 22. Bg3 Bxg3 23. hxg3 Qxa2 24. Rd2 Bxc2 25. Rxc2 Qa5 26. Qe4 g6 27. Qf4 Kg7 28. Re5 Qa1+ 29. Rc1 Qb2 30. d5 exd5 31. Rxd5 Rhf8 32. Qd4+ Kg8 33. Re1 b5 34. Qxa7 Qxc3 35. Rb1 b4 36. Qa5 Qe3+ 37. Kh2 b3 38. Re5 Qd3 39. Ree1 Rb8 40. Red1 Qf5 41. Qc3 Rfc8 42. Rb2 Rb5 43. Rd4 Qe5 44. Rxb3 Qxd4 45. Qxd4 cxb3 46. Qb2 Rc2 47. Qb1 Rd2 48. Qc1 Rc2 49. Qd1 Rb8 50. Qd6 Rcc8 51. Qd1 b2 52. Qb1 Rc1 53. Qe4 b1Q 54. Qxb1 Rbxb1 0-1

[Event "Salou op U2300 3rd"]
[Site "Salou"]
[Date "2018.04.29"]
[Round "3"]
[White "Pedra Marquina, Joan"]
[Black "Subarroca Blanch, Francesco"]
[Result "1-0"]
[WhiteElo "1288"]
[BlackElo "1765"]
[PlyCount "143"]
[EventDate "2018.04.28"]
[EventType "swiss"]
[EventRounds "7"]
[EventCountry "ESP"]
[SourceTitle "CBM 184 Extra"]
[Source "ChessBase"]
[SourceDate "2018.06.28"]
[SourceVersion "1"]
[SourceVersionDate "2018.06.28"]
[SourceQuality "1"]

1. d4 d5 2. c4 Nf6 3. Nc3 c6 4. Bg5 Bf5 5. Bxf6 exf6 6. cxd5 cxd5 7. Qb3 Qd7 8. Qxd5 Bb4 9. Qxd7+ Nxd7 10. e3 Rc8 11. Rc1 0-0 12. a3 Ba5 13. b4 Bd8 14. Kd2 Nb6 15. Nf3 Be7 16. Be2 Be6 17. Ne4 Nd5 18. Bc4 a5 19. Bxd5 Bxd5 20. Nc5 axb4 21. axb4 b6 22. Nd3 Bc4 23. Rb1 Ra8 24. Rhc1 Rfc8 25. Rc2 g6 26. b5 Be6 27. Rc6 Ra2+ 28. Rb2 Bb4+ 29. Ke2 Rca8 30. Rcc2 Rxb2 31. Rxb2 Bc3 32. Rc2 Ra3 33. Nd2 Bxd2 34. Kxd2 Rb3 35. Rb2 Ra3 36. Nc1 Bc4 37. Rb4 Bf1 38. g3 Ra5 39. Ke1 Rxb5 40. Rxb5 Bxb5 41. Kd2 Kf8 42. Kc3 Ke7 43. Kb4 Bc6 44. Nd3 Kd6 45. Kc4 g5 46. Nb4 Ba4 47. Na6 f5 48. Nb4 g4 49. Nd3 f6 50. Nf4 Bc6 51. Nh5 b5+ 52. Kb4 Ke6 53. Ng7+ Kd5 54. Nxf5 Ke4 55. Ne7 Bd7 56. Ng8 Kf5 57. Kc5 Ke6 58. d5+ Kf7 59. Kd6 b4 60. Nxf6 Kxf6 61. e4 b3 62. e5+ Kf7 63. Kxd7 b2 64. e6+ Kf6 65. e7 b1Q 66. e8Q Qb5+ 67. Kd8 Qxd5+ 68. Qd7 Qxd7+ 69. Kxd7 Kf5 70. Ke7 Ke4 71. Kf6 Kf3 72. Kg5 1-0

[Event "Salou op U2300 3rd"]
[Site "Salou"]
[Date "2018.04.28"]
[Round "2"]
[White "Caballero Ortin, Jorge"]
[Black "Pedra Marquina, Joan"]
[Result "0-1"]
[WhiteElo "1629"]
[BlackElo "1288"]
[PlyCount "72"]
[EventDate "2018.04.28"]
[EventType "swiss"]
[EventRounds "7"]
[EventCountry "ESP"]
[SourceTitle "CBM 184 Extra"]
[Source "ChessBase"]
[SourceDate "2018.06.28"]
[SourceVersion "1"]
[SourceVersionDate "2018.06.28"]
[SourceQuality "1"]

1. d4 d5 2. Bf4 Nf6 3. e3 e6 4. Bd3 c5 5. c4 Nc6 6. Nf3 cxd4 7. exd4 dxc4 8. Bxc4 Bb4+ 9. Nc3 0-0 10. Bg5 h6 11. Bh4 a6 12. 0-0 b5 13. Bb3 Bb7 14. Bc2 Rc8 15. Qd3 g6 16. Ne4 Be7 17. Bxf6 Bxf6 18. Nc5 Qe7 19. Nxb7 Qxb7 20. Qe4 Qd7 21. Rfd1 Rfd8 22. Ne5 Qc7 23. Ng4 Bg7 24. Bb3 Nxd4 25. Qe3 Nf5 26. Qc1 Qxc1 27. Raxc1 Rxc1 28. Rxc1 Bxb2 29. Rd1 Rxd1+ 30. Bxd1 Bd4 31. h3 h5 32. Nh2 Nd6 33. Kf1 Ne4 34. f3 Nc3 35. Bb3 Be5 36. Kf2 Bxh2 0-1